All countries to ever have land in the Iberian Peninsula - Statistics

General Stats
  • This quiz has been taken 60 times
  • The average score is 14 of 29
Answer Stats
Hint Answer % Correct
This modern day country borders Spain and is the smallest country in the Iberian Peninsula Kingdom of Portugal
94%
This is the biggest country in the Iberian Peninsula today and came when Castile merged with Aragon. Kingdom of Spain
92%
Medieval and early modern kingdom on the Iberian Peninsula, corresponding to the modern-day autonomous community of Aragon, in Spain. Kingdom of Aragon
88%
This modern day county has Gibraltar despite existing on the British Isles. United Kingdom
85%
This empire was a large Mediterranean empire reaching all the way up to Scotland. Roman Empire
81%
Former independent kingdom of Spain that is located in the province of Navarre that was formerly a different Spanish Kingdom. Kingdom of Navarre
75%
This was a kingdom in north Iberia that fought the Muslims including the Cordoba Caliphate. Kingdom of Leon
69%
an Islamic realm in southern Iberia during the Late Middle Ages. It was also the last Muslim Independent state in West Europe. Nasrid kingdom of Granada
69%
This is the loser of the 3 Punic wars. Carthage
67%
This is the first Muslim Dynasty and spread Muslin to Iberia. Umayyad Caliphate
67%
A temporary union between all Iberian Peninsula countries that lasted for 60 years. Iberian Union
60%
This kingdom married their prince with the princess of Aragon to unite with Aragon forming Spain. Kingdom of Castile
60%
This is napoleons great empire. The First French Empire
58%
This Empire took Gibraltar to stop Spain from taking control of Mediterranean trade. British Empire
54%
This is the empire that took the east when it split from the Roman Empire. Byzantine Empire
54%
Frankish-dominated empire in western and central Europe during the Early Middle Ages. Carolingian Empire
52%
A medieval and early modern state in the northeastern Iberian Peninsula. During most of its history it was in dynastic union with the Kingdom of Aragon, constituting together the Crown of Aragon. Principality of Catalonia
50%
This is Empire is the first colonial empire and used to be the second greatest colonial power behind Spain. Portuguese Empire
48%
A kingdom that occupied what is now southwestern France and the Iberian Peninsula from the 5th to the 8th centuries. Visigothic Kingdom
48%
This Empire colonized the Americas and controlled most of it. It was also the second ever country to discover the Americas. Spanish Empire
46%
North African Berber Muslim empire founded in the 12th century. Almohad Caliphate
38%
This county after getting independence from the Frankish got into constant warfare with the Islamic Caliphate of Córdoba and its successor states. County of Barcelona
29%
This Empire split apart from the Roman Empire and took the West side of the Roman Empire West Roman Empire
27%
Germanic post-Roman kingdom that was one of the first to separate from the Roman Empire. Kingdom of Suebi
21%
A Basque kingdom that occupied lands on both sides of the western Pyrenees, alongside the Atlantic Ocean. Kingdom of Pamplona
6%
A kingdom of Barbarians that sacked Rome. Vandal Kingdom
2%
This is a Muslim state that got independence from the Umayyad Caliphate and succeeded because of religious tolerance. Caliphate of Corboda
0%
This is a monarchy deriving from the Kingdom of Aragon that later united with the kingdom of Castile to create Spain. Crown of Aragon
0%
This Kingdom flourished from trade with Carthage until it was destroyed. Kingdom of Tartessus
0%
No matching quizzes found
Score Distribution
Percent of People with Each Score
Percentile by Number Answered
Your Score History
You have not taken this quiz